000 00782nam a2200181 4500
999 _c15911
_d15911
008 201217b ||||| |||| 00| 0 eng d
022 _a0732-8435
082 _aDPer 657.05 C33 Sept - Mar 2015, v. 85 - 86
100 _aFornaro, James M.
_942718
245 _aThe continuing evolution of accounting alternatives for private companies:
_brecognition of identifiable intangible assets in a business combination/
_cJames M. Fornaro, Cary D. Lange and Peter D. Lucido.
260 _aNew York:
_bThe New York State Society of CPA,
_c©2015.
300 _av86 n1, pages 48-55:
_billustrations;
_c28 cm.
650 _aAccounting
_xIntangible assets.
_942693
650 _a
_942712
700 _aLange, C. D.
_eAuthor.
_942721
700 _aLucido, P. D.
_eAuthor.
_942722
942 _2ddc
_cPER